Представление документа в формате RUSMARC

ПолеНазваниеЗначение
  Тип записи a
  Библиографический уровень m
001 Контрольный номер 0aaa666a166f4fdaafb0786c96064c10
005 Дата корректировки 20140530101535.3
010 Индекс ISBN __
a ISBN 978-5-91131-770-6
101 Язык документа 0_
a Язык текста rus
102 Страна публикации __
a Страна публикации RU
200 Заглавие и сведения об ответственности 1_
a Заглавие ВТО: основы функционирования и проблемы присоединения России
e Сведения, относящиеся к заглавию учеб. пособие
f Первые сведения об ответственности О. А. Горбунова, И. В. Минченкова
210 Выходные данные 1_
c Издательство Дашков и К
a Место издания М.
d Дата издания 2009
215 Физическое описание __
a Объем 151 с.
610 Ключевые слова 0_
a Ключевые слова ВТО
610 Ключевые слова 0_
a Ключевые слова всемирная торговая организация
610 Ключевые слова 0_
a Ключевые слова международные экономические отношения
610 Ключевые слова 0_
a Ключевые слова международные торговые отношения
610 Ключевые слова 0_
a Ключевые слова Россия
610 Ключевые слова 0_
a Ключевые слова внешняя торговля
610 Ключевые слова 0_
a Ключевые слова учебное пособие
686 Индексы других классификаций __
a Классификационный индекс 65.584.3я73
2 Код системы rubbk
686 Индексы других классификаций __
a Классификационный индекс 65.9(2)843я73
2 Код системы rubbk
700 Автор _1
a Фамилия Горбунова
b Имя О. А.
g Полное личное имя Ольга Анатольевна
y ДА
701 Альтернативная интеллектуальная ответственность _1
a Фамилия Минченкова
b Имя И. В.
g Полное личное имя Ирина Вячеславовна
y ДА
801 Источник записи _0
a Страна RU
b Организация РУК
c Дата составления 20091103
g Правила каталогизации PSBO
801 Источник записи _1
a Страна RU
b Организация РУК
c Дата составления 20091103
g Правила каталогизации PSBO
852 Данные о местонахождении __
i Авторский знак Г 67
j Шифр хранения ББК 65.5
901 Тип документа __
t Тип документа m
912 Принадлежность преподавателя к РУК __
a Принадлежность преподавателя к РУК Преподаватель Головного вуза
938 Служебная информация __
a Название организации Головной вуз
b Имя БД BOOK
c Название АИБС АИБС ИРБИС
952 Тип литературы __
c Вид литературы учебное пособие